[Event "Superettan(Orgryte-Helsingborg)"]
[Site "?"]
[Date "2022.04.02"]
[Round "3"]
[White "Semcesen, Daniel"]
[Black "Kumar, Rahul"]
[Result "1-0"]
[WhiteElo "2472"]
[BlackElo "2184"]
[PlyCount "97"]

1. d4 d6 2. Nf3 g6 3. c4 Bg7 4. e4 Bg4 5. Be2 Nc6 6. Be3 e5 7. d5 Nce7 8. c5
Nf6 9. Nfd2 Bxe2 10. Qxe2 O-O 11. cxd6 Qxd6 12. Nc3 c6 13. Nc4 Qb8 14. Bc5 Re8
15. Bxe7 Rxe7 16. dxc6 bxc6 17. O-O Nd7 18. Rac1 Nf8 19. Na5 Qb6 20. b4 Ne6 21.
Qc4 Rc7 22. Rfd1 Rac8 23. a3 Nd4 24. Nb3 Qb8 25. Nc5 Qb6 26. Ne2 a5 27. Nxd4
exd4 28. Nd3 axb4 29. axb4 Qb5 30. g3 h5 31. Rc2 h4 32. Re1 Qh5 33. e5 Qf3 34.
Qxd4 Ra8 35. Qe4 Qxe4 36. Rxe4 hxg3 37. hxg3 Ra3 38. Rd4 Rb3 39. Rd8+ Bf8 40.
Ra2 Kg7 41. Raa8 Rxd3 42. Rxd3 Bxb4 43. Rdd8 Kh6 44. Rh8+ Kg5 45. Rac8 Rxc8 46.
Rxc8 Kf5 47. f4 g5 48. Rxc6 gxf4 49. gxf4 1-0

[Event "Superettan(Farsta-Schack 08)"]
[Site "?"]
[Date "2022.04.02"]
[Round "3"]
[White "Rosberg, Simon"]
[Black "Degerman, Lars"]
[Result "0-1"]
[WhiteElo "2323"]
[BlackElo "2433"]
[PlyCount "74"]

1. Nf3 c5 2. c4 Nc6 3. Nc3 Nf6 4. g3 g6 5. Bg2 Bg7 6. d4 cxd4 7. Nxd4 O-O 8.
O-O Ng4 9. e3 d6 10. b3 Nxd4 11. exd4 Nh6 12. Bb2 Nf5 13. d5 a6 14. Qd2 Qa5 15.
Rfe1 b5 16. Qd3 Bd7 17. cxb5 axb5 18. Re4 Rfc8 19. b4 Rxc3 20. Bxc3 Qa3 21. g4
Bxc3 22. Rd1 Nh4 23. Rxe7 Bxg4 24. f3 Bf5 25. Qxb5 Bxb4 26. Re8+ Rxe8 27. Qxe8+
Kg7 28. Qe2 Bc3 29. Kh1 Be5 30. Qf2 g5 31. Re1 Qb4 32. Qe3 h6 33. Bf1 Bf4 34.
a3 Qb2 35. Re2 Qa1 36. Re1 Qa2 37. Re2 Qxd5 0-1

[Event "Superettan(Orgryte-Helsingborg)"]
[Site "?"]
[Date "2022.04.02"]
[Round "3"]
[White "Eksmyr, Johan"]
[Black "Kristensen, Kare Hove"]
[Result "0-1"]
[WhiteElo "2171"]
[BlackElo "2307"]
[PlyCount "58"]

1. d4 d5 2. Bg5 c5 3. dxc5 f6 4. Bh4 e5 5. e3 Nc6 6. Nc3 Be6 7. Be2 Bxc5 8.
Bh5+ g6 9. Bg4 Bf7 10. Nge2 h5 11. Bf3 e4 12. Bxe4 dxe4 13. Nxe4 Bb4+ 14. c3
Qxd1+ 15. Rxd1 Be7 16. b3 g5 17. Bg3 h4 18. Bd6 Bg6 19. Nc5 O-O-O 20. Bxe7
Rxd1+ 21. Kxd1 Ngxe7 22. Ne6 h3 23. g3 Be4 24. Re1 Ne5 25. N2d4 Bg2 26. f4 Ng4
27. fxg5 fxg5 28. Nxg5 Nxh2 29. Ke2 Ng4 0-1

[Event "Superettan(Farsta-Schack 08)"]
[Site "?"]
[Date "2022.04.02"]
[Round "3"]
[White "Lindeman, Sven"]
[Black "Nyander, Joakim"]
[Result "1/2-1/2"]
[WhiteElo "2154"]
[BlackElo "2243"]
[PlyCount "68"]

1. e4 c5 2. Nf3 e6 3. d4 cxd4 4. Nxd4 a6 5. Bd3 Nf6 6. O-O d6 7. c4 Be7 8. Nc3
O-O 9. Qe2 b6 10. b3 Bb7 11. f4 Re8 12. Bb2 Bf8 13. Rad1 Qc7 14. f5 Nbd7 15.
Bb1 Rac8 16. fxe6 fxe6 17. Qd3 Qd8 18. Qh3 Qe7 19. Nf3 Rc5 20. Ba3 Rh5 21. Qg3
Nc5 22. e5 dxe5 23. Nxe5 Qc7 24. Rxf6 Qxe5 25. Qxe5 Rxe5 26. Rf2 Re3 27. Bb2
Bc6 28. Re2 Rxe2 29. Nxe2 Be7 30. Be5 Nd7 31. Bd6 Bg5 32. Bf4 Be7 33. Bd6 Bg5
34. Bf4 Be7 1/2-1/2

[Event "Superettan(Orgryte-Helsingborg)"]
[Site "?"]
[Date "2022.04.02"]
[Round "3"]
[White "Rosell, Tomas"]
[Black "Arnelind, Mikael"]
[Result "1/2-1/2"]
[WhiteElo "2176"]
[BlackElo "2215"]
[PlyCount "120"]

1. e4 e6 2. d4 d5 3. Nc3 dxe4 4. Nxe4 Bd7 5. Nf3 Bc6 6. Neg5 Bd6 7. Bd3 h6 8.
Ne4 Bxe4 9. Bxe4 c6 10. c3 Nf6 11. Bc2 Nbd7 12. O-O Qc7 13. Re1 O-O-O 14. Qe2
Nd5 15. g3 g5 16. a3 Ne7 17. c4 Nf5 18. Bxf5 exf5 19. c5 Bf8 20. Qc2 f4 21. Qf5
fxg3 22. hxg3 Bg7 23. Re7 Rhe8 24. Qxf7 Rxe7 25. Qxe7 Nf6 26. Qxc7+ Kxc7 27.
Be3 Ng4 28. Bd2 b6 29. Re1 Kd7 30. b4 Rf8 31. Kg2 Nxf2 32. Kxf2 g4 33. Bf4 gxf3
34. Kxf3 Rf7 35. Kg4 Bf8 36. Re2 Rf6 37. Bb8 Rg6+ 38. Kf5 Rg5+ 39. Kf4 bxc5 40.
dxc5 a6 41. Be5 Be7 42. Rd2+ Ke6 43. Bd6 Bf6 44. Ke4 Rh5 45. Bf4 Be7 46. Kf3
Rh1 47. Re2+ Kf7 48. Kg4 h5+ 49. Kf5 Rh3 50. Re6 h4 51. gxh4 Rxa3 52. h5 a5 53.
h6 axb4 54. h7 Rh3 55. Bh6 Rh5+ 56. Kg4 Kxe6 57. h8=Q Rxc5 58. Qc8+ Kf7 59. Be3
Re5 60. Bf4 Re6 1/2-1/2

[Event "Superettan(Farsta-Schack 08)"]
[Site "?"]
[Date "2022.04.02"]
[Round "3"]
[White "Faldt, Magnus"]
[Black "Jaderberg, Bjorn"]
[Result "1-0"]
[WhiteElo "2159"]
[BlackElo "2147"]
[PlyCount "77"]

1. d4 d5 2. Nf3 Nc6 3. c4 Bg4 4. cxd5 Bxf3 5. gxf3 Qxd5 6. e3 e5 7. Nc3 Bb4 8.
Bd2 Bxc3 9. bxc3 exd4 10. cxd4 Nf6 11. Be2 O-O 12. Qb3 Qd6 13. Rc1 Rab8 14. Bb5
a6 15. Bxc6 bxc6 16. Qc4 Rfe8 17. Kf1 Qd5 18. Qxd5 cxd5 19. Rc2 Re6 20. Ke2 Ne8
21. Rhc1 Rh6 22. e4 Rxh2 23. Bf4 Rh5 24. Bxc7 Rb5 25. Bd6 f6 26. Rc8 Rb2+ 27.
Ke3 Kf7 28. e5 fxe5 29. Bxe5 Rxa2 30. Rb1 Nf6 31. Rc7+ Kg6 32. Rbb7 Kf5 33.
Rxg7 Rh1 34. Rgf7 Re1+ 35. Kd3 Ra3+ 36. Kd2 Rxe5 37. dxe5 Kxe5 38. f4+ Ke6 39.
f5+ 1-0

[Event "Superettan(Orgryte-Helsingborg)"]
[Site "?"]
[Date "2022.04.02"]
[Round "3"]
[White "Carlsson, Mikael"]
[Black "Hansen, Anders"]
[Result "0-1"]
[WhiteElo "1842"]
[BlackElo "1961"]
[PlyCount "96"]

1. d4 Nf6 2. c4 c5 3. e3 g6 4. Nc3 cxd4 5. exd4 Bg7 6. Nf3 O-O 7. Be2 d5 8.
cxd5 Nxd5 9. O-O Nc6 10. Be3 Nxc3 11. bxc3 e6 12. Rc1 b6 13. Qd2 Bb7 14. Rfd1
Ne7 15. Bh6 Qd6 16. Bxg7 Kxg7 17. Ne5 Rfd8 18. Bf3 Bxf3 19. Nxf3 b5 20. Ne5
Rac8 21. Qb2 Qd5 22. h3 Nf5 23. Qb3 Rc7 24. Qxd5 Rxd5 25. Nd3 a5 26. a3 Rd8 27.
a4 bxa4 28. Nb2 a3 29. Na4 Rb8 30. Rd2 Rc4 31. Nc5 Nxd4 32. Rxd4 Rxc5 33. Ra4
Rb3 34. Kf1 Rbxc3 35. Rxc3 Rxc3 36. Rxa5 Kf6 37. Ke1 Rb3 38. Kd1 Rb1+ 39. Ke2
Rb2+ 40. Kf3 Rb3+ 41. Ke4 h5 42. h4 Rb2 43. Kf3 a2 44. g3 e5 45. Ke3 Kf5 46.
Ra4 f6 47. f4 Rb4 48. Rxa2 exf4+ 0-1

[Event "Superettan(Farsta-Schack 08)"]
[Site "?"]
[Date "2022.04.02"]
[Round "3"]
[White "Lagerborg, Krister"]
[Black "Wikstrom, Per"]
[Result "0-1"]
[WhiteElo "2129"]
[BlackElo "2151"]
[PlyCount "88"]

1. e4 e6 2. Qe2 c5 3. f4 Nc6 4. c3 d6 5. Nf3 Qc7 6. g3 Nf6 7. Bg2 Be7 8. O-O e5
9. d3 Bd7 10. Be3 Ng4 11. Bd2 Nf6 12. h3 O-O-O 13. b4 Rde8 14. a4 Nh5 15. Kh2
g6 16. Na3 exf4 17. gxf4 d5 18. e5 Nd8 19. bxc5 Bxc5 20. d4 Bxa3 21. Rxa3 Kb8
22. Ne1 Be6 23. Nd3 Qc4 24. Qf3 Nc6 25. Rb1 Bf5 26. Bf1 Be4 27. Qe3 Na5 28. Rb4
Qc6 29. Nc5 f5 30. Ra2 Re7 31. Rab2 Ka8 32. Rb5 b6 33. Na6 Nc4 34. Bxc4 Qxc4
35. Qf2 Qxa4 36. Nc5 bxc5 37. dxc5 Qd1 38. Be1 Nxf4 39. Qxf4 Qxe1 40. e6 Qh1+
41. Kg3 Qg1+ 42. Kh4 g5+ 43. Qxg5 Qxg5+ 44. Kxg5 Rxe6 0-1

[Event "Superettan(Orgryte-Helsingborg)"]
[Site "?"]
[Date "2022.04.02"]
[Round "3"]
[White "Olsson, Fredric"]
[Black "Anderzen, Robert"]
[Result "1/2-1/2"]
[WhiteElo "2101"]
[BlackElo "2099"]
[PlyCount "59"]

1. e4 c5 2. Nf3 e6 3. d4 cxd4 4. Nxd4 Nc6 5. Nc3 Qc7 6. Be2 Nf6 7. O-O Be7 8.
Be3 O-O 9. a3 b6 10. Nxc6 dxc6 11. f4 Bb7 12. Qe1 c5 13. Bf3 Rad8 14. g4 c4 15.
g5 Nd7 16. Nb5 Qb8 17. Nc3 Bc5 18. Bxc5 Nxc5 19. Qe3 Rd7 20. Rad1 Rfd8 21. Rxd7
Rxd7 22. Rd1 Rxd1+ 23. Bxd1 Qd6 24. Be2 Qc6 25. Qd4 h6 26. gxh6 gxh6 27. Bxc4
Nxe4 28. Nxe4 Qxe4 29. Qxe4 Bxe4 30. c3 1/2-1/2

[Event "Superettan(Farsta-Schack 08)"]
[Site "?"]
[Date "2022.04.02"]
[Round "3"]
[White "Sternlund, Hakan"]
[Black "Stavenberg, Karl"]
[Result "1/2-1/2"]
[WhiteElo "2133"]
[BlackElo "2088"]
[PlyCount "81"]

1. c4 c6 2. e4 d5 3. exd5 cxd5 4. cxd5 Nf6 5. Qa4+ Nbd7 6. Nc3 g6 7. g4 h6 8.
h3 Bg7 9. Bg2 O-O 10. Nge2 Nb6 11. Qb3 e6 12. O-O Nbxd5 13. d4 b6 14. g5 hxg5
15. Bxg5 Ba6 16. Qa4 Nxc3 17. Qxa6 Nxe2+ 18. Qxe2 Rc8 19. Rfd1 Qd6 20. Qe5 Ne8
21. Qxd6 Nxd6 22. Be7 Nf5 23. Bxf8 Kxf8 24. Rac1 Rxc1 25. Rxc1 Bxd4 26. Rc8+
Kg7 27. b4 a5 28. bxa5 bxa5 29. Bf1 Kf6 30. Ra8 Bc3 31. Bd3 Nd6 32. Ra6 Ke5 33.
a4 Bb4 34. Bb5 Kf4 35. Bd3 e5 36. Rc6 e4 37. Bc4 f5 38. Kf1 e3 39. Bd3 g5 40.
fxe3+ Kxe3 41. Rxd6 1/2-1/2

[Event "Superettan(Orgryte-Helsingborg)"]
[Site "?"]
[Date "2022.04.02"]
[Round "3"]
[White "Green, Per"]
[Black "Hakansson, Stefan"]
[Result "0-1"]
[WhiteElo "1946"]
[BlackElo "2057"]
[PlyCount "94"]

1. c4 e5 2. g3 Nf6 3. Bg2 Nc6 4. Nf3 Bc5 5. O-O d6 6. d3 h6 7. Nc3 O-O 8. a3 a5
9. b3 Be6 10. Bb2 Qd7 11. Na4 Ba7 12. c5 Bh3 13. Rc1 Bxg2 14. Kxg2 Nh7 15. e3
f5 16. b4 Rae8 17. Qb3+ Kh8 18. b5 Nd8 19. cxd6 cxd6 20. Nh4 Rf6 21. b6 Bb8 22.
Nc3 Ng5 23. f4 Nge6 24. Nd5 Rf7 25. fxe5 Ng5 26. exd6 Bxd6 27. Ng6+ Kh7 28.
Ngf4 Nge6 29. Rfe1 Nc6 30. Qc3 Be5 31. d4 Bb8 32. Qc4 Ng5 33. Nc3 Ne4 34. Qd5
Qe7 35. Nxe4 fxe4 36. Qh5 Bxf4 37. gxf4 Qd7 38. d5 Ne7 39. Rc7 Qf5 40. Qxf5+
Rxf5 41. d6 Rb5 42. Be5 Nf5 43. Rxb7 Re6 44. Kh3 Rg6 45. Rb8 Nxd6 46. Rd1 Nf7
47. Bc7 Rh5# 0-1

[Event "Superettan(Farsta-Schack 08)"]
[Site "?"]
[Date "2022.04.02"]
[Round "3"]
[White "Wieweg, Johnny"]
[Black "Stenman, Christoffer"]
[Result "1/2-1/2"]
[WhiteElo "2087"]
[BlackElo "1966"]
[PlyCount "47"]

1. e4 e6 2. d4 d5 3. Nc3 Bb4 4. e5 c5 5. a3 Bxc3+ 6. bxc3 Qa5 7. Bd2 Qa4 8. Qg4
Kf8 9. Qd1 c4 10. h4 Ne7 11. h5 h6 12. g4 Nbc6 13. Nf3 Ke8 14. Nh4 Kd8 15. Rg1
g5 16. hxg6 fxg6 17. f4 Rg8 18. Be3 Kc7 19. Kd2 Qa6 20. Bh3 Bd7 21. Rg3 Raf8
22. Qg1 b5 23. Rf1 Qxa3 24. Ra1 1/2-1/2

[Event "Superettan(VasterasII-Rockaden,SthlmII)"]
[Site "?"]
[Date "2022.04.02"]
[Round "3"]
[White "Olsson, Krister"]
[Black "Norberg, Johan"]
[Result "1/2-1/2"]
[WhiteElo "2332"]
[BlackElo "2286"]
[PlyCount "41"]
[SourceDate "2022.04.11"]

1. d4 g6 2. e4 Bg7 3. Nf3 d6 4. Be2 Nf6 5. Nc3 O-O 6. O-O Bg4 7. Be3 Nbd7 8. h3
Bxf3 9. Bxf3 e5 10. dxe5 dxe5 11. Nd5 c6 12. Nxf6+ Nxf6 13. Bc5 Re8 14. Qxd8
Rexd8 15. Rfd1 b6 16. Be7 Rxd1+ 17. Rxd1 Re8 18. Bd8 Re6 19. Bg4 Nxg4 20. hxg4
Bf8 21. Rd7 1/2-1/2

[Event "Superettan(Upsala-SS 4 Springare)"]
[Site "?"]
[Date "2022.04.02"]
[Round "3"]
[White "Poley, Vladimir"]
[Black "Johansson, Jan"]
[Result "1-0"]
[WhiteElo "2324"]
[BlackElo "2291"]
[PlyCount "59"]
[EventDate "2022.??.??"]

1. c4 e6 2. Nf3 d5 3. e3 Nf6 4. b3 c5 5. Bb2 Nc6 6. cxd5 exd5 7. Bb5 Be7 8. O-O
O-O 9. d4 Bg4 10. dxc5 Bxc5 11. Bxc6 bxc6 12. Qc2 Bd6 13. Nbd2 Rc8 14. Rac1 Re8
15. Qd3 Bh5 16. Qf5 Bg6 17. Qh3 Nd7 18. Nh4 Nc5 19. Nxg6 hxg6 20. Ba1 Nd3 21.
Rcd1 Nb4 22. Nf3 Nxa2 23. Rd4 Nb4 24. Rh4 f6 25. Rh8+ Kf7 26. Rh7 Bf8 27. Nh4
Qe7 28. Nxg6 Qe4 29. Nxf8 Rxf8 30. Qd7+ 1-0

[Event "Superettan(VasterasII-Rockaden,SthlmII)"]
[Site "?"]
[Date "2022.04.02"]
[Round "3"]
[White "Nilsson, Andre"]
[Black "Zadruzny, Nicolaj"]
[Result "0-1"]
[WhiteElo "2266"]
[BlackElo "2359"]
[PlyCount "82"]

1. g3 e5 2. Bg2 d5 3. d3 Nf6 4. Nf3 Bd6 5. O-O O-O 6. Nc3 Re8 7. e4 dxe4 8.
Nxe4 Nxe4 9. dxe4 Nd7 10. c3 a5 11. Qc2 Nc5 12. Rd1 Qe7 13. h3 Be6 14. Be3 f6
15. Nd2 Qf7 16. b3 b5 17. Nf1 Bf8 18. g4 a4 19. b4 Nb7 20. f4 exf4 21. Bxf4 c5
22. bxc5 Bxc5+ 23. Be3 Rac8 24. Qf2 Bxe3 25. Nxe3 Rxc3 26. Nd5 Rc5 27. Rac1
Rec8 28. Rxc5 Rxc5 29. Qf4 h6 30. Rc1 Rxc1+ 31. Qxc1 Qf8 32. Kh1 Qc5 33. Qf4
Nd6 34. Nxf6+ gxf6 35. Qxf6 Bxa2 36. e5 Ne8 37. Qg6+ Ng7 38. Qxh6 Qxe5 39. Qc6
Bc4 40. h4 Qe1+ 41. Kh2 Qxh4+ 0-1

[Event "Superettan(Upsala-SS 4 Springare)"]
[Site "?"]
[Date "2022.04.02"]
[Round "3"]
[White "Sirin, Atakan"]
[Black "Peng, Li Min"]
[Result "1/2-1/2"]
[WhiteElo "2280"]
[BlackElo "2498"]
[PlyCount "71"]
[EventDate "2022.??.??"]

1. d4 d5 2. Nc3 Nf6 3. Bg5 Nbd7 4. Qd3 c6 5. e4 Qa5 6. Bd2 Nxe4 7. Nxe4 dxe4 8.
Qxe4 Qd5 9. Qe3 Nf6 10. f3 Bf5 11. c4 Qd7 12. g4 Bg6 13. h4 h6 14. Bh3 e6 15.
Ne2 O-O-O 16. Bc3 Bd6 17. O-O-O Qc7 18. g5 hxg5 19. hxg5 Nh5 20. Bd2 Kb8 21. c5
Be7 22. Bxe6 b6 23. cxb6 axb6 24. Bg4 Kb7 25. f4 f5 26. Bf3 Bd6 27. Qe6 Bf7 28.
Qxf5 g6 29. Qc2 Nxf4 30. Nxf4 Bxf4 31. Qxc6+ Qxc6+ 32. Bxc6+ Kxc6 33. Bxf4 Rxh1
34. Rxh1 Rxd4 35. Be3 Re4 36. Kd2 1/2-1/2

[Event "Superettan(VasterasII-Rockaden,SthlmII)"]
[Site "?"]
[Date "2022.04.02"]
[Round "3"]
[White "Eriksson, Dan"]
[Black "Norberg, Erik"]
[Result "1-0"]
[WhiteElo "2184"]
[BlackElo "2235"]
[PlyCount "63"]

1. e4 g6 2. d4 Bg7 3. h4 d5 4. exd5 Qxd5 5. Be3 Nf6 6. Be2 h5 7. c4 Qd8 8. Nc3
Bf5 9. Nh3 c6 10. Qd2 Nbd7 11. Rd1 Bxh3 12. Rxh3 Qa5 13. Kf1 Ng4 14. d5 Bxc3
15. bxc3 Ndf6 16. Bg5 O-O-O 17. Rd3 Qc5 18. Qf4 cxd5 19. cxd5 Nxd5 20. Bxg4+
hxg4 21. Qe4 Nf6 22. Bxf6 exf6 23. Qxg4+ f5 24. Rxd8+ Rxd8 25. Rxd8+ Kxd8 26.
Qd4+ Qxd4 27. cxd4 Ke7 28. Ke2 b5 29. g3 a5 30. f3 a4 31. Kd3 b4 32. Kc4 1-0

[Event "Superettan(Upsala-SS 4 Springare)"]
[Site "?"]
[Date "2022.04.02"]
[Round "3"]
[White "Zaritovskaja, Margo"]
[Black "Burwick, Malte"]
[Result "0-1"]
[WhiteElo "1999"]
[BlackElo "2215"]
[PlyCount "196"]
[EventDate "2022.??.??"]

1. e4 g6 2. d4 Bg7 3. Nc3 d6 4. Be3 a6 5. Nf3 b5 6. a3 Nd7 7. Be2 Bb7 8. O-O e6
9. d5 exd5 10. exd5 Ngf6 11. Re1 O-O 12. Bd4 Nb6 13. Bxb6 cxb6 14. Qd3 Rc8 15.
Nd2 Rxc3 16. bxc3 Nxd5 17. Bf3 Nf4 18. Qe3 Bxf3 19. Qxf3 Ne6 20. Rad1 d5 21.
Nb3 Nc7 22. Nd4 Qd6 23. Qg3 Qc5 24. h4 Ne8 25. h5 Nd6 26. hxg6 hxg6 27. Nb3 Qc6
28. Nd4 Qd7 29. Nb3 Nf5 30. Qf3 Rd8 31. Rd3 Qc6 32. Red1 Ne7 33. Nc1 Rc8 34.
Ne2 Qf6 35. Qxf6 Bxf6 36. Nf4 Kg7 37. Ne2 Rc4 38. Rb1 Be5 39. Rb4 Rc8 40. Rg4
f5 41. Rh4 Bf6 42. Rhh3 Rc4 43. Nd4 Ra4 44. Ne6+ Kg8 45. Nc7 Rxa3 46. Nxd5 Nxd5
47. Rxd5 Bxc3 48. Rd8+ Kf7 49. Rh7+ Ke6 50. Re8+ Kd5 51. Rh6 Bd4 52. Rd8+ Kc4
53. Rh4 Ra1+ 54. Kh2 Rd1 55. Rc8+ Kd5 56. g3 Rd2 57. Kh3 g5 58. Rd8+ Kc5 59.
Rc8+ Kd5 60. Rd8+ Ke5 61. Rhh8 Rxf2 62. Rhe8+ Kf6 63. Rf8+ Ke7 64. Rfe8+ Kf7
65. Rf8+ Kg6 66. Rg8+ Bg7 67. g4 Rf3+ 68. Kg2 fxg4 69. Rd7 Rf7 70. Rd6+ Kh7 71.
Re8 Rc7 72. Kg3 b4 73. Kxg4 a5 74. Kxg5 Rxc2 75. Rd1 Rc5+ 76. Kg4 b3 77. Rh1+
Kg6 78. Re6+ Kf7 79. Rxb6 Rc4+ 80. Kg5 Rc5+ 81. Kg4 b2 82. Rb1 Rc4+ 83. Kg5
Rc5+ 84. Kg4 Rc1 85. R6xb2 Bxb2 86. Rxb2 Ke6 87. Rb5 a4 88. Ra5 Ra1 89. Kg3 Kd6
90. Kg2 Kc6 91. Ra8 Kb5 92. Rb8+ Kc4 93. Kh2 a3 94. Kg2 Ra2+ 95. Kg3 Rb2 96.
Ra8 Kb3 97. Rb8+ Kc2 98. Ra8 a2 0-1

[Event "Superettan(VasterasII-Rockaden,SthlmII)"]
[Site "?"]
[Date "2022.04.02"]
[Round "3"]
[White "Eriksson, Anders"]
[Black "Crevatin, Leo"]
[Result "0-1"]
[WhiteElo "2233"]
[BlackElo "2266"]
[PlyCount "128"]

1. Nf3 d5 2. d4 Nf6 3. g3 c6 4. Bg2 Bf5 5. O-O e6 6. b3 Nbd7 7. Bb2 a5 8. a4 h6
9. c4 Be7 10. Nc3 O-O 11. Nd2 Qb6 12. Qc1 Rfd8 13. e3 Rac8 14. c5 Qa6 15. Ba3
b6 16. cxb6 Bxa3 17. Qxa3 Qxb6 18. Rfc1 c5 19. Nb5 cxd4 20. Nxd4 Bg6 21. Rxc8
Rxc8 22. Rc1 Rxc1+ 23. Qxc1 Nc5 24. Qc3 Bd3 25. Bf1 Bxf1 26. Kxf1 Ng4 27. h3
Nf6 28. Kg2 Kh7 29. Nb5 Nce4 30. Qc2 Qc5 31. Qxc5 Nxc5 32. f3 Nfd7 33. Kf2 Nd3+
34. Ke2 N7c5 35. Kd1 Nb4 36. Kc1 Kg6 37. Nd4 e5 38. Nc2 Nbd3+ 39. Kb1 f6 40.
Ka2 Na6 41. Nb1 Kf7 42. Nc3 Ke6 43. Nd1 Kd6 44. Nb2 Nc1+ 45. Ka3 Kc5 46. Ne1
Nb4 47. Nd1 d4 48. Kb2 Ne2 49. g4 Kd5 50. e4+ Kc5 51. Nf2 Nf4 52. h4 g6 53. h5
gxh5 54. gxh5 Nxh5 55. Ng4 Nf4 56. Nxh6 Nbd3+ 57. Nxd3+ Nxd3+ 58. Kb1 Ne1 59.
Ng4 Nxf3 60. Nxf6 d3 61. Kb2 Kd4 62. b4 d2 63. Kc2 axb4 64. a5 b3+ 0-1

[Event "Superettan(Upsala-SS 4 Springare)"]
[Site "?"]
[Date "2022.04.02"]
[Round "3"]
[White "Wagner, Stephan"]
[Black "Jakenberg, Jussi"]
[Result "1-0"]
[WhiteElo "2222"]
[BlackElo "2113"]
[PlyCount "67"]
[EventDate "2022.??.??"]

1. c4 e6 2. Nc3 d5 3. e3 Nf6 4. Nf3 Bd6 5. d4 b6 6. Bd3 Bb7 7. O-O a6 8. Qe2
O-O 9. e4 dxe4 10. Nxe4 Nxe4 11. Bxe4 Bxe4 12. Qxe4 Nd7 13. Rd1 Qf6 14. Bg5 Qf5
15. Qxf5 exf5 16. g3 Rfe8 17. Rac1 Re4 18. Be3 Bf8 19. c5 b5 20. d5 Rc8 21. Nd2
Ra4 22. a3 g6 23. Nb3 Bg7 24. Bd4 Ne5 25. Kg2 Rd8 26. Bc3 Rc4 27. Na5 Re4 28.
d6 cxd6 29. Nb7 Rd7 30. Nxd6 Ra4 31. c6 Rc7 32. Ne8 Re7 33. Nxg7 Nxc6 34. Bf6
1-0

[Event "Superettan(Rockaden, Sthlm II-Schack08)"]
[Site "?"]
[Date "2022.03.20"]
[Round "6"]
[White "Stenman, Christoffer"]
[Black "Todorovic, Zoran"]
[Result "1/2-1/2"]
[WhiteElo "1966"]
[BlackElo "2006"]
[PlyCount "105"]

1. e4 c5 2. Nc3 Nc6 3. g3 g6 4. Bg2 Bg7 5. d3 e6 6. f4 Nge7 7. Be3 b6 8. Nf3 d5
9. Bf2 O-O 10. O-O Bb7 11. exd5 exd5 12. d4 h5 13. dxc5 d4 14. Ne4 Nf5 15. Nd6
Nxd6 16. cxd6 Qxd6 17. Nxd4 Nxd4 18. Bxb7 Rab8 19. Bg2 Rbd8 20. c3 Ne6 21. Qa4
Qc7 22. Rfd1 Nc5 23. Qc2 Rxd1+ 24. Rxd1 Rd8 25. Bd4 Ne6 26. Bf2 Bd4 27. Bxd4
Rxd4 28. Rxd4 Nxd4 29. Qe4 Nf5 30. Qa8+ Kg7 31. Qd5 Qe7 32. Be4 Nd6 33. Bf3
Qe1+ 34. Kg2 Nf5 35. Qe5+ Qxe5 36. fxe5 Ne3+ 37. Kf2 Nc4 38. b4 Nxe5 39. Be2
Kf6 40. c4 Nc6 41. a3 Ke5 42. Ke3 Nd4 43. Bd3 g5 44. h4 gxh4 45. gxh4 f5 46. c5
bxc5 47. bxc5 f4+ 48. Kf2 Kd5 49. Bg6 Kxc5 50. Bxh5 Nf5 51. Kf3 Nxh4+ 52. Kxf4
Ng2+ 53. Ke4 1/2-1/2

[Event "Superettan(Helsingborg-Upsala)"]
[Site "?"]
[Date "2022.03.20"]
[Round "6"]
[White "Dolata, Henryk"]
[Black "Andersson, Stefan"]
[Result "1-0"]
[WhiteElo "2078"]
[BlackElo "1987"]
[PlyCount "71"]

1. e4 e6 2. b3 b6 3. d4 d5 4. exd5 exd5 5. Nf3 Nf6 6. Bd3 Bd6 7. O-O O-O 8. Bg5
Be6 9. Nbd2 c5 10. c3 Nbd7 11. Re1 Qc7 12. h3 h6 13. Be3 Rad8 14. Nh4 Bh2+ 15.
Kh1 Bf4 16. Qf3 Bxe3 17. Rxe3 cxd4 18. cxd4 Nh7 19. Rae1 Ndf6 20. Qe2 Qd7 21.
Ndf3 Ng5 22. Nxg5 hxg5 23. Nf3 g4 24. Ne5 Qd6 25. hxg4 g5 26. Rh3 Ne4 27. Bxe4
dxe4 28. Qxe4 f5 29. Qe3 f4 30. Qe4 Rf6 31. Qh7+ Kf8 32. Qh5 f3 33. Qxg5 fxg2+
34. Kxg2 Bg8 35. Rh8 Qe6 36. Rxg8+ 1-0

[Event "Superettan(Rockaden, Sthlm II-Schack08)"]
[Site "?"]
[Date "2022.03.20"]
[Round "6"]
[White "Ekenberg, Ulf"]
[Black "Wiklund, Johan"]
[Result "1-0"]
[WhiteElo "2014"]
[BlackElo "1934"]
[PlyCount "63"]

1. e4 e6 2. d4 d5 3. Nc3 Bb4 4. e5 c5 5. a3 Bxc3+ 6. bxc3 Qa5 7. Bd2 Qa4 8. Qb1
c4 9. h4 Nc6 10. h5 h6 11. Be3 b6 12. Kd2 Nge7 13. Qd1 Ba6 14. g3 O-O-O 15. Bh3
Qa5 16. Qg4 Nf5 17. Qf4 g5 18. hxg6 fxg6 19. Bxf5 exf5 20. Rxh6 Rxh6 21. Qxh6
Nxe5 22. Bf4 Ng4 23. Qg7 Rd7 24. Qxg6 Bb5 25. Nh3 Nh2 26. Ng5 Ba4 27. Qxf5 Qb5
28. Rh1 Qb2 29. Rxh2 Kb7 30. Rh7 Rxh7 31. Qxh7+ Ka6 32. Ne6 1-0

[Event "Superettan(Helsingborg-Upsala)"]
[Site "?"]
[Date "2022.03.20"]
[Round "6"]
[White "Hakansson, Stefan"]
[Black "Bernhard, Jonathan"]
[Result "1-0"]
[WhiteElo "2057"]
[BlackElo "1981"]
[PlyCount "61"]

1. d4 d5 2. Bg5 f6 3. Bf4 Nc6 4. Nf3 g5 5. Bg3 h5 6. h3 Bf5 7. c3 e6 8. e3 Bd6
9. Bxd6 Qxd6 10. Bd3 Nge7 11. Qe2 O-O-O 12. Nbd2 Bxd3 13. Qxd3 e5 14. dxe5 Nxe5
15. Qe2 Kb8 16. O-O-O c5 17. Ne4 Qc7 18. Nxe5 dxe4 19. Nf7 Rxd1+ 20. Rxd1 Rh7
21. Nd6 f5 22. Qc4 a6 23. Qe6 Qc6 24. Qe5 Qc7 25. Qf6 Nc6 26. Qxf5 Re7 27. Qf8+
Qd8 28. Qxd8+ Nxd8 29. Nxe4 Ne6 30. Rd5 Kc7 31. Nxg5 1-0

[Event "Superettan(Vasteras II-SS 4 Springare)"]
[Site "?"]
[Date "2022.03.20"]
[Round "6"]
[White "Peng, Li Min"]
[Black "Janse, Love"]
[Result "1-0"]
[WhiteElo "2498"]
[BlackElo "2199"]
[PlyCount "51"]

1. d4 f5 2. c4 Nf6 3. Nc3 d6 4. Nf3 g6 5. g3 Bg7 6. Bg2 O-O 7. O-O Qe8 8. Re1
Qf7 9. e4 Nxe4 10. Nxe4 fxe4 11. Rxe4 Nc6 12. Be3 h6 13. d5 Ne5 14. Nxe5 dxe5
15. Qb3 Bf5 16. Qxb7 Rab8 17. Qxc7 Bxe4 18. Bxe4 Rxb2 19. d6 Kh7 20. dxe7 Re8
21. Bc5 Bf6 22. Rd1 Qxc4 23. Qc6 Rbb8 24. Qxf6 Qxe4 25. Qf7+ Kh8 26. Bd6 1-0

[Event "Superettan(Farsta-Kristallen)"]
[Site "?"]
[Date "2022.03.20"]
[Round "6"]
[White "Lindh, Fredrik"]
[Black "Degerman, Lars"]
[Result "0-1"]
[WhiteElo "2303"]
[BlackElo "2433"]
[PlyCount "98"]

1. e4 c5 2. Nf3 Nc6 3. d4 cxd4 4. Nxd4 Nf6 5. Nc3 d6 6. Bg5 e6 7. Qd2 Be7 8.
O-O-O O-O 9. f4 Nxd4 10. Qxd4 Qa5 11. Bc4 h6 12. Bh4 e5 13. fxe5 dxe5 14. Qd3
Bg4 15. Bxf6 Bxf6 16. Rdf1 Be6 17. h4 Rac8 18. Nd5 Bd8 19. Bb3 Qc5 20. Kb1 b5
21. Qe3 a5 22. Qxc5 Rxc5 23. Ne3 a4 24. Bxe6 fxe6 25. g3 Bb6 26. c3 h5 27.
Rxf8+ Kxf8 28. a3 Ke7 29. Kc2 Rc8 30. Kd3 Rf8 31. Rf1 Rf6 32. Rxf6 gxf6 33. Nd1
f5 34. c4 fxe4+ 35. Kxe4 bxc4 36. Nc3 Bf2 37. Kf3 Be1 38. Nxa4 e4+ 39. Kxe4
Bxg3 40. Nb6 c3 41. bxc3 Bxh4 42. Nd5+ exd5+ 43. Kxd5 Be1 44. Ke4 h4 45. Kf3 h3
46. c4 Kd7 47. a4 Kc7 48. a5 Kc6 49. a6 Kb6 0-1

[Event "Superettan(Vasteras II-SS 4 Springare)"]
[Site "?"]
[Date "2022.03.20"]
[Round "6"]
[White "Kretz, Johan"]
[Black "Poley, Vladimir"]
[Result "0-1"]
[WhiteElo "2221"]
[BlackElo "2324"]
[PlyCount "90"]

1. d4 g6 2. c4 Bg7 3. e4 d6 4. Nc3 Nc6 5. Be3 e5 6. d5 Nce7 7. c5 f5 8. cxd6
cxd6 9. exf5 Nxf5 10. Qa4+ Bd7 11. Bb5 Nf6 12. Nf3 Nxe3 13. fxe3 Qb6 14. O-O
Bxb5 15. Qxb5+ Qxb5 16. Nxb5 Ke7 17. Rac1 Rhc8 18. Ng5 Bh6 19. Rxc8 Rxc8 20.
Nxd6 Kxd6 21. Rxf6+ Kxd5 22. h4 Bxg5 23. hxg5 Rc7 24. Kh2 Ke4 25. Re6 Rc2 26.
Re7 Rxb2 27. Rxh7 Kxe3 28. Rg7 Rb6 29. Kg3 a5 30. Rf7 a4 31. Rf6 Rc6 32. Rf7
Ke4 33. Kg4 b5 34. Rf6 Kd5 35. Rf8 b4 36. Ra8 Rc4+ 37. Kf3 b3 38. axb3 axb3 39.
Rb8 Rc3+ 40. Kg4 Kc5 41. Rc8+ Kd4 42. Rd8+ Kc4 43. Rb8 Kd3 44. Kf3 e4+ 45. Kf4
e3 0-1